Školský klub v Campuse STU
Na minha lista:
| Autor principal: | |
|---|---|
| Outros Autores: | |
| Formato: | Manuscrito Livro |
| Idioma: | eslovaco |
| Publicado em: |
Bratislava
2021
|
| Assuntos: | |
| Acesso em linha: | http://is.stuba.sk/zp/portal_zp.pl?podrobnosti=139091 |
| Tags: |
Sem tags, seja o primeiro a adicionar uma tag!
|
MARC
| LEADER | 00000ntm a22000003a 4500 | ||
|---|---|---|---|
| 001 | stuzp80829 | ||
| 003 | SK-STU | ||
| 005 | 20220210111158.7 | ||
| 007 | ta | ||
| 008 | 150427s2015----xo-----f-mn---000-0-slo-d | ||
| 040 | |a STU |b slo | ||
| 041 | 0 | |a slo | |
| 100 | 1 | |a Kačmár, Viktor |u 054140 |4 aut |U FAD Fakulta architektúry a dizajnu |T FAD Ústav konštrukcií v architektúre a inžinierskych stavieb |X 88143 |U A4140 |Y 395 |7 88143 | |
| 242 | 0 | 1 | |a School Club in Campus STU |y eng |
| 245 | 1 | 0 | |a Školský klub v Campuse STU |
| 260 | |c 2021 |a Bratislava | ||
| 650 | 4 | |a spolupráca |2 slo | |
| 650 | 4 | |a campus |2 slo | |
| 650 | 4 | |a školský klub |2 slo | |
| 650 | 4 | |a štúdium |2 slo | |
| 650 | 4 | |a voľný čas |2 slo | |
| 650 | 4 | |a variabilita |2 slo | |
| 650 | 4 | |a campus |2 eng | |
| 650 | 4 | |a cooperation |2 eng | |
| 650 | 4 | |a leisure time |2 eng | |
| 650 | 4 | |a school club |2 eng | |
| 650 | 4 | |a studies |2 eng | |
| 650 | 4 | |a variability |2 eng | |
| 700 | 1 | |a Bogár, Michal |u 054140 |k Z8 |4 ths |U FAD Fakulta architektúry a dizajnu |T FAD Ústav konštrukcií v architektúre a inžinierskych stavieb |X 71161 |U A4140 |Y 395 |7 A000071161 | |
| 856 | 4 | |u http://is.stuba.sk/zp/portal_zp.pl?podrobnosti=139091 |u https://opac.crzp.sk/?fn=detailBiblioForm&sid=2C8AB4190B6536A9D6811D7B1CEB | |